1702 1283 1130 1410 1588 1047 1452 1480 1988 1269 1254 1856 1034 1907 1556 1775 1499 1720 1095 1474 1839 1233 1134 1223 1565 1705 1438 1625 1855 1466 1533 1668 1299 1661 1517 1078 1655 1647 1023 1912 1363 1407 1176 1274 1563 1441 1982 1128 1496 1676 1923 1370 1065 1367 1887 1677 1895 1050 1115 1102 1064 1776 1653 1327 1693 1163 1756 1193 1549 1910 1840 1685 1671 1807 1058 1466 1453 1168 1145 1254 1498 1453 1950 1075 1207 1935 1572 1782 1353 1028 1497 1534 1736 1055 1198 1719 1727 1950 1819 BCNSPRNW ULIB Ver.6.0+V

เปลี่ยนเป็นภาษาไทย

Change to English
 แสดงรายละเอียดบรรณานุกรม
  กลับหน้าหลัก

Brief Record : Get Marc (ISO 2709) : E-mail record : QR code < ปิดหน้าต่าง
LEADER : 00000nam 2200000uu 4500
001    13399113511
003     ULIB
008    110627s2550||||th 000 0 tha d
020    9789749450024
090    นว.^bA111ซ ล.2 2550
100 0  Angie Sage
245 00 เซ็ปติมัส ฮีป ปาฏิหาริย์หมายเลขเจ็ด 2/^cAngie Sage
250    พิมพ์ครั้งที่ 2
260    กรุงเทพฯ :^bนานมีบุ๊คส์,^c2550
300    295 หน้า
710 1  นานมีบุ๊คส์
945    ^p295^l0^i022069
995    ทศพร
999 ^a ใช้งานได้ทุกระบบ
รายการนี้ยังไม่มีแท็ก
คุณยังไม่ได้ล็อกอิน คุณสามารถมีกิจกรรมร่วมกับเว็บไซต์ได้ แต่ต้องล็อกอินก่อน ::
  ล็อกอิน

รายการสื่อสารสนเทศ

ลำดับที่ ประเภท เลขเรียก/บาร์โค้ด สถานที่ สถานะ
1. นวนิยาย
นวนิยาย
นว. A111ซ ล.2 2550 ฉ.1 
  Barcode: 022069
ห้องสมุดวิทยาเขตสวรรค์ประชารักษ์
►นวนิยาย
บนชั้น
  ขอยืม

รายการใกล้เคียง
    ผู้แต่ง [Angie Sage]

BibComment


ยังไม่เคยถูกคอมเมนท์

คอมเมนท์ทรัพยากรรายการนี้
  คอมเมนท์: เซ็ปติมัส ฮีป ปาฏ..


 Copyright 2026. Bcnsprnw @Library